000 00408 a2200145 4500
005 20250627144543.0
020 _a0-538-86818-X
082 _a330 GOT
100 _aGOTTHEIL, F. M.
245 _aPrinciples of Economics.
250 _a2nd Ed.
260 _aNew York,
_bSouth-Western College Publishing,
_c1999.
300 _axxxii,751p.: ill.; figure, picture table
_bGlossary & Index
_c26cm
942 _2ddc
_cBKS
999 _c5698
_d5698